000 00633nam a22002297i 4500
003 URS
005 20220114153331.0
008 171011b xxu||||| |||| 00| 0 eng d
020 _a9710310715
040 _erda
_cURSP-College Library
_beng
050 _b550 R173 1966
100 1 _aRamsey, William L.
245 _aModern Earth Science
_cWilliam L. Ramsey
264 1 _aQuezon City
_bKen Incorporated
_c1966.
300 _aviii, 654pages
_c22cm.
336 _atext
_btxt
_2rdacontent
337 _aunmediated
_bn
_2rdamedia
338 _avolume
_bnc
_2rdacarrier
500 _aIncludes index
650 0 _ascience.
942 _2lcc
_cF
999 _c8450
_d8450